000 00697cam a22002533a 4500
001 32142
003 PGUSA
005 20140828083709.0
008 100426s2010||||xxu|||||s|||||000 1 eng d
040 _aPGUSA
_beng
042 _adc
050 4 _aPS
100 1 _aNourse, Alan Edward,
_d1928-1992
245 1 0 _aMarley's Chain
_h[electronic resource] /
_cAlan Edward Nourse
260 _bProject Gutenberg,
_c2010
506 _aPublic domain in the USA.
516 _aElectronic text
653 _aShort stories
653 _aScience fiction
653 _aRace relations -- Fiction
830 0 _aProject Gutenberg
_v32142
856 4 0 _uhttp://www.gutenberg.org/ebooks/32142
942 _cEB
999 _c261397
_d261397